000 00872nas a2200277 4500
001 BR2013007573
003 BR-BrBNA
005 20231205122952.0
007 ta
008 230509b bl.|||p| |||| 00| 00por d
040 _aBR-BrBNA
_bpor
_cBiblioteca Nacional de Agricultura
041 _a(En)
072 _aH10
100 1 _aElias Neto, M.
100 1 _aSoares, M.P.M.
100 1 _aBitondi, M.M.G.
245 1 _aExpression profile of a Laccase2 encoding gene during the metamorphic molt in Aphis mellifera (Hymenoptera, Apidae)
650 _aABELHA
650 _aAPIS MELLIFERA
650 _aHIMENOPTERO
650 _aMETAMORFOSE
650 _aCICLO DE VIDA
773 0 _tRevista Brasileira de Entomologia (Brazil)
_xISSN 0085-5626
_g(Apr-Jun 2013), v. 57(2) p. 213-216
_wBR2013007573
909 _a202311
_bLúcia
_c55
_dLúcia Elande
942 _2AGRIS
_n0
_cANA
999 _c231522
_d231522